| 000 | 01277nam a22003257a 4500 | ||
|---|---|---|---|
| 003 | CHAP | ||
| 005 | 20220329141712.0 | ||
| 008 | 971013s1980 r 00010 d | ||
| 010 | _a72488 | ||
| 011 | _a73460 | ||
| 035 | _a83017 | ||
| 040 | _cCHAP | ||
| 090 | _aTesis | ||
| 100 | 0 | 0 |
_aGarcía Bojalil, Carlos Miguel. _945780 |
| 245 | _aEstudio sobre las deficiencias nutricionales de los macroelementos calcio, fósforo y magnesio en bovinos de la zona norte del estado de Chiapas y las correlaciones existentes entre estos minerales en pelo de capa, pelo de cola y suero | ||
| 260 |
_aMéxico, D.F. : _bEl autor, _c1980 |
||
| 300 | _a88 h. | ||
| 502 | _aTesis (Médico Veterinario Zootecnista) -- UNAM. Fac. de Medicina Veterinaria y Zootecnia | ||
| 590 |
_aALEPH _b10 _c20130110 _lUCH01 _h1413 |
||
| 590 |
_aBATCH-UPD _b10 _c20130110 _lUCH01 _h2059 |
||
| 590 |
_aBATCH-UPD _b10 _c20130410 _lUCH01 _h1412 |
||
| 590 |
_aBATCH-UPD _b10 _c20130914 _lUCH01 _h1529 |
||
| 590 |
_aCONVERSION _b10 _c20130109 _lUCH01 _h1340 |
||
| 650 | 1 | 4 |
_aAnimales _xDeficiencias nutritivas. _95858 |
| 650 | 1 | 4 |
_aGanado vacuno _xNutrición. _945498 |
| 901 | _aBK | ||
| 942 | _cFOLL | ||
| 949 |
_bBC _cTES _d33724000685525 _eTS2 _fc.2 _h29072 _i83017 _sb |
||
| 949 |
_bBC _cTES _d830171 _eTS1 _h31995 _i83017 _sb |
||
| 999 |
_c72488 _d72488 |
||